000 01056nam a2200277 i 4500
001 bg
003 BPK
005 20191028133501.0
008 990506s1983 pl a f f |000 0 pol
015 _aPB 1983/5029
040 _aWA N
_cBPK
041 0 _apol
080 _a621.313
080 _a(075.8+076)
100 1 _aMatulewicz, Wacław
_eAutor
245 1 0 _aLaboratorium stanów przejściowych maszyn elektrycznych :
_bskrypt przeznaczony jest dla studentów III i IV roku Wydziału Elektrycznego /
_cWacław Matulewicz, Dariusz Karkosiński ; Politechnika Gdańska.
260 _aGdańsk :
_bWydaw. PG,
_c1983.
300 _a277, [1] s. :
_brys., wykr. ;
_c24 cm.
504 _aBibliogr. s. [278].
655 4 _aĆwiczenia i zadania dla szkół wyższych
650 4 _aMaszyny elektryczne
710 2 _aPolitechnika Gdańska.
_bWydawnictwo.
_4pbl.
700 1 _aKarkosiński, Dariusz
_eAutor
856 _uhttp://koha.tu.koszalin.pl/cgi-bin/koha/opac-detail.pl?biblionumber=21732
_yKatalog online BPK
942 _2UKD
_cKS
999 _c21732
_d21732